Hortus sanitatis, De herbis (1) (Record no. 17714)

MARC details
000 -LEADER
campo de control de longitud fija 01676nam a2200349 i 4500
001 - NÚMERO DE CONTROL
campo de control 17714
003 - IDENTIFICADOR DE NÚMERO DE CONTROL
campo de control ES-MaACL
005 - FECHA Y HORA DE LA ÚLTIMA TRANSACCIÓN
campo de control 20240613163738.0
007 - CAMPO FIJO DE DESCRIPCIÓN FÍSICA--INFORMACIÓN GENERAL
campo de control de longitud fija t|
008 - DATOS DE LONGITUD FIJA--INFORMACIÓN GENERAL
campo de control de longitud fija 010509s1999 sp ||||1| spa d
020 ## - NÚMERO INTERNACIONAL ESTÁNDAR DEL LIBRO
Número Internacional Estándar del Libro 84-7719-776-8
080 ## - NÚMERO DE LA CLASIFICACIÓN DECIMAL UNIVERSAL
Número de la Clasificación Decimal Universal 615.322(035.3)"14"
245 00 - MENCIÓN DEL TÍTULO
Título Hortus sanitatis, De herbis (1)
Resto del título : = (El jardín de la salud, Las hierbas (1) /
Mención de responsabilidad, etc. presentación Antonio Viñayo González ; traducción Hipólito Benjamín Riesco Alvarez.
250 ## - MENCION DE EDICION
Mención de edición Edición facsímil del ejemplar rarísimo de la Real Colegiata de San Isidoro de León.
260 ## - PUBLICACIÓN, DISTRIBUCIÓN, ETC.
Lugar de publicación, distribución, etc. León :
Nombre del editor, distribuidor, etc. Universidad de León, Secretariado de Publicaciones :
-- Cátedra de San Isidoro de la Real Colegiata de León,
Fecha de publicación, distribución, etc. 1999.
300 ## - DESCRIPCIÓN FÍSICA
Extensión 261 p. :
Otras características físicas il. ;
Dimensiones 30 cm.
500 ## - NOTA GENERAL
Nota general Tit. orig. completo del ejemp. isidoriano: Hortus sanitatis, sive Tractatus herbarum, lapidum, animalium et caeterarum creaturarum, etiam describentes ipsarum virtutem.
505 0# - NOTA DE CONTENIDO CON FORMATO
Nota de contenido con formato Contiene el capítulo 1 de dicha obra, que también se conoce con el tít.: Tractatus de herbis
534 ## - NOTA SOBRE LA VERSIÓN ORIGINAL
Frase introductoria Reprod. facs. de la ed. de:
Publicación, distribución, etc. del original -- Estrasburgo : Juan Pruess, [ca. 1497]
650 14 - PUNTO DE ACCESO ADICIONAL DE MATERIA--TÉRMINO DE MATERIA
Término de materia o nombre geográfico como elemento de entrada Plantas medicinales-
Subdivisión de forma Obras anteriores a 1800.
9 (RLIN) 16123
655 #7 - TERMINO DE INDIZACIÓN--GENERO/FORMA
Fuente del término tgfbne
9 (RLIN) 226495
Datos o término principal de género/forma Facsímiles
700 1# - ENTRADA AGREGADA--NOMBRE PERSONAL
Nombre de persona Viñayo González, Antonio.
9 (RLIN) 115388
700 1# - ENTRADA AGREGADA--NOMBRE PERSONAL
Nombre de persona Martínez Rodríguez, José Manuel.
9 (RLIN) 78373
700 1# - ENTRADA AGREGADA--NOMBRE PERSONAL
Nombre de persona Riesco Álvarez, Hipólito-Benjamín.
9 (RLIN) 138644
710 2# - ENTRADA AGREGADA--NOMBRE DE ENTIDAD CORPORATIVA
Nombre de entidad corporativa o nombre de jurisdicción como elemento de entrada Universidad de León.
9 (RLIN) 7200
710 2# - ENTRADA AGREGADA--NOMBRE DE ENTIDAD CORPORATIVA
Nombre de entidad corporativa o nombre de jurisdicción como elemento de entrada Real Colegiata de San Isidoro de León.
9 (RLIN) 151106
740 0# - ENTRADA AGREGADA--TÍTULO RELACIONADO/ANALÍTICO NO CONTROLADO
Título relacionado o analítico no controlado De herbis.
740 3# - ENTRADA AGREGADA--TÍTULO RELACIONADO/ANALÍTICO NO CONTROLADO
Título relacionado o analítico no controlado El jardín de la salud.
852 ## - LOCALIZACIÓN
Ubicación ES-MaACL
Número de control de estantería A-272
Sublocalización o colección R.130107
942 ## - ELEMENTOS DE ENTRADA SECUNDARIOS (KOHA)
Fuente del sistema de clasificación o colocación Clasificación decimal universal
Holdings
Estatus retirado Estado de pérdida Estado de daño No para préstamo Biblioteca de origen Biblioteca actual Ubicación en estantería Fecha de adquisición Fuente de adquisición Total de préstamos Signatura topográfica completa Código de barras Visto por última vez Precio de reemplazo Tipo de ítem Koha
        Biblioteca del Ateneo de Madrid Biblioteca del Ateneo de Madrid Sala Pecera Planta 1 17/01/2008     A-272 1018070 23/02/2023 23/02/2023 Libro impreso